| 000 | 00554cas a22001935a 4500 | ||
|---|---|---|---|
| 001 | L138967 | ||
| 008 | 070719d19881995xxkar p 0 a0eng u | ||
| 035 | _a(Sirsi) u138967 | ||
| 041 | 0 | _aeng | |
| 240 | _aEstates Times Retail Review | ||
| 245 | 0 | 4 |
_aThe Retail Market _ban Estates Times Supplement |
| 260 |
_aLondon _bEstates Times _c1988-1995 |
||
| 362 | 0 | _aWinter 1988-27 October 1995 | |
| 554 | _aOne per year | ||
| 651 | 4 | _aEurope | |
| 690 | _aPROPERTY-COMMERCIAL PROPERTY-RETAIL PROPERTY | ||
| 785 | 0 | 0 |
_tProperty Week _x0969-7594 |
| 942 | _n0 | ||
| 999 |
_c119056 _d119056 |
||